<?xml version="1.0" encoding="UTF-8"?>
<record
    xmlns:xsi="http://www.w3.org/2001/XMLSchema-instance"
    xsi:schemaLocation="http://www.loc.gov/MARC21/slim http://www.loc.gov/standards/marcxml/schema/MARC21slim.xsd"
    xmlns="http://www.loc.gov/MARC21/slim">

  <leader>     nam a22     7a 4500</leader>
  <datafield tag="999" ind1=" " ind2=" ">
    <subfield code="c">7174</subfield>
    <subfield code="d">7174</subfield>
  </datafield>
  <controlfield tag="003">OSt</controlfield>
  <controlfield tag="005">20181108161948.0</controlfield>
  <controlfield tag="008">181108e201806  spc    |||||||||0 |cspa|d</controlfield>
  <datafield tag="017" ind1=" " ind2=" ">
    <subfield code="a">DL B 6496-2018</subfield>
    <subfield code="b">Biblioteca de Catalunya</subfield>
  </datafield>
  <datafield tag="020" ind1=" " ind2=" ">
    <subfield code="a">9788499928302</subfield>
  </datafield>
  <datafield tag="040" ind1=" " ind2=" ">
    <subfield code="a">ES-BaURL</subfield>
    <subfield code="b">cat</subfield>
    <subfield code="c">CDMR</subfield>
  </datafield>
  <datafield tag="100" ind1="1" ind2=" ">
    <subfield code="a">Paso, Ana del,</subfield>
  </datafield>
  <datafield tag="245" ind1="1" ind2="0">
    <subfield code="a">Reporteras espa&#xF1;olas, testigos de guerra </subfield>
    <subfield code="b">: de las pioneras a las actuales /</subfield>
    <subfield code="c">Ana del Paso</subfield>
  </datafield>
  <datafield tag="260" ind1=" " ind2=" ">
    <subfield code="a">Barcelona :</subfield>
    <subfield code="b">Debate,</subfield>
    <subfield code="c">2018</subfield>
  </datafield>
  <datafield tag="300" ind1=" " ind2=" ">
    <subfield code="a">333 p. ;</subfield>
    <subfield code="c">23 cm</subfield>
  </datafield>
  <datafield tag="504" ind1=" " ind2=" ">
    <subfield code="a">Bibliografia: p&#xE0;gines 327-332</subfield>
  </datafield>
  <datafield tag="505" ind1="8" ind2=" ">
    <subfield code="a">Cont&#xE9; informaci&#xF3; biogr&#xE0;fica i els testimonis de les seg&#xFC;ents periodistes: Almudena Ariza, &#xC1;ngeles Espinosa, Beatriz Mesa, Berna Gonz&#xE1;lez Harbour, Carmen Postigo, Carmen Sarmiento, Corina Miranda, Ana Alba, Cristina S&#xE1;nchez, Esther V&#xE1;zquez, Ethel Bonet, Georgina Higueras, Gloria del Campo, Gemma Parellada, Laura Jim&#xE9;nez Varo, Leticia &#xC1;lvarez, Lola Ba&#xF1;&#xF3;n, Mar&#xED;a Dolores Masana, Maruja Torres, Maysun, Mayte Carrasco, Mercedes Gallego, M&#xF2;nica Bernab&#xE9;, M&#xF3;nica G. Prieto, Naiara Galarraga, Natalia Sancha, Olga Rodr&#xED;guez, Pilar Requena, Trinidad Deiros, Yolanda Sobero, Rosa Meneses, Rosa Mar&#xED;a Calaf, Teresa Aranguren i Yolanda &#xC1;lvarez</subfield>
  </datafield>
  <datafield tag="650" ind1=" " ind2="7">
    <subfield code="a">Dones periodistes</subfield>
    <subfield code="z">Espanya</subfield>
    <subfield code="x">Biografia</subfield>
    <subfield code="2">lemac</subfield>
    <subfield code="9">2913</subfield>
  </datafield>
  <datafield tag="650" ind1=" " ind2="7">
    <subfield code="a">Dones periodistes</subfield>
    <subfield code="z">Espanya</subfield>
    <subfield code="x">Hist&#xF2;ria</subfield>
    <subfield code="2">lemac</subfield>
    <subfield code="9">2913</subfield>
  </datafield>
  <datafield tag="650" ind1="0" ind2="7">
    <subfield code="a">Corresponsals de guerra</subfield>
    <subfield code="z">Espanya</subfield>
    <subfield code="x">Biografia</subfield>
    <subfield code="2">lemac</subfield>
    <subfield code="9">2560</subfield>
  </datafield>
  <datafield tag="650" ind1=" " ind2="7">
    <subfield code="a">Guerra</subfield>
    <subfield code="x">Cobertura period&#xED;stica</subfield>
    <subfield code="2">lemac </subfield>
    <subfield code="9">4235</subfield>
  </datafield>
  <datafield tag="942" ind1=" " ind2=" ">
    <subfield code="c">MON</subfield>
  </datafield>
  <datafield tag="952" ind1=" " ind2=" ">
    <subfield code="0">0</subfield>
    <subfield code="1">0</subfield>
    <subfield code="4">0</subfield>
    <subfield code="7">0</subfield>
    <subfield code="a">CDMR</subfield>
    <subfield code="b">CDMR</subfield>
    <subfield code="d">2018-11-08</subfield>
    <subfield code="e">Intercanvi</subfield>
    <subfield code="g">19.90</subfield>
    <subfield code="l">8</subfield>
    <subfield code="m">6</subfield>
    <subfield code="o">Bk 87</subfield>
    <subfield code="p">CDMR18111614</subfield>
    <subfield code="r">2020-10-06</subfield>
    <subfield code="s">2020-09-30</subfield>
    <subfield code="v">19.90</subfield>
    <subfield code="w">2018-11-08</subfield>
    <subfield code="y">MON</subfield>
  </datafield>
</record>
